Statistics for Most Bordered European Countries

Click here to take the quiz!

General Stats

  • This quiz has been taken 110 times
    (50 since last reset)
  • The average score is 13 of 16

Answer Stats

No.
borders
Country% Correct
14Russia
100%
8France
95%
9Germany
95%
6Italy
93%
7Poland
91%
8Serbia
91%
7Ukraine
86%
5Romania
84%
5Bulgaria
81%
5Slovakia
81%
5Switzerland
79%
8Austria
77%
5Belarus
77%
5Croatia
67%
5North Macedonia
56%
5Montenegro
44%

Score Distribution

Percentile by Number Answered

Percent of People with Each Score

Your Score History

You have not taken this quiz since the last reset